| 000 | 00571nam a2200193Ia 4500 | ||
|---|---|---|---|
| 005 | 20250507130317.0 | ||
| 008 | 008 250505s9999 xx 000 0 eng d | ||
| 037 | _aSeries Article | ||
| 040 |
_aEASL _beng _cEASL |
||
| 041 |
_aeng _2eng |
||
| 084 | _qEASL | ||
| 100 |
_aHan Shaozhou Etc. _9674600 |
||
| 245 | 0 | _aEmpirical study on minimum wage level in China: The ELES approach | |
| 260 |
_aLondon _bLondon Routledge _c2011 |
||
| 300 | _a639-657 pp. | ||
| 650 |
_aChina; China - Wages - Minimum _9755146 |
||
| 942 | _cSRA | ||
| 999 |
_c1318913 _d1318913 |
||